header

Understanding human sexuality / (Record no. 266381)

MARC details
000 -LEADER
fixed length control field 01289pam a2200385 a 4500
001 - CONTROL NUMBER
control field 2107104
003 - CONTROL NUMBER IDENTIFIER
control field OSt
005 - DATE AND TIME OF LATEST TRANSACTION
control field 20260622072616.0
008 - FIXED-LENGTH DATA ELEMENTS--GENERAL INFORMATION
fixed length control field 960612s1997 nyua b 001 0 eng
010 ## - LIBRARY OF CONGRESS CONTROL NUMBER
LC control number 96028119
020 ## - INTERNATIONAL STANDARD BOOK NUMBER
International Standard Book Number 0070318026
Qualifying information alk. paper
International Standard Book Number 9780070318021
Qualifying information (alk. paper)
035 ## - SYSTEM CONTROL NUMBER
System control number 2107104
040 ## - CATALOGING SOURCE
Original cataloging agency DLC
Transcribing agency DLC
Modifying agency DLC
050 00 - LIBRARY OF CONGRESS CALL NUMBER
Classification number HQ12
Item number .H82 1997
082 00 - DEWEY DECIMAL CLASSIFICATION NUMBER
Classification number 306.7
Edition number 20
100 1# - MAIN ENTRY--PERSONAL NAME
Personal name Hyde, Janet Shibley.
245 10 - TITLE STATEMENT
Title Understanding human sexuality /
Statement of responsibility, etc Janet Shibley Hyde, John D. DeLamater.
250 ## - EDITION STATEMENT
Edition statement 6th ed.
260 ## - PUBLICATION, DISTRIBUTION, ETC. (IMPRINT)
Place of publication, distribution, etc New York :
Name of publisher, distributor, etc McGraw-Hill Companies,
Date of publication, distribution, etc c1997.
300 ## - PHYSICAL DESCRIPTION
Extent xxx, 685 p. :
Other physical details ill. (some col.) ;
Dimensions 27 cm.
336 ## - CONTENT TYPE
Content type term text
Content type code txt
Source rdacontent
337 ## - MEDIA TYPE
Media type term unmediated
Media type code n
Source rdamedia
338 ## - CARRIER TYPE
Carrier type term volume
Carrier type code nc
Source rdacarrier
504 ## - BIBLIOGRAPHY, ETC. NOTE
Bibliography, etc Includes bibliographical references (p. 605-635) and index.
650 #0 - SUBJECT ADDED ENTRY--TOPICAL TERM
Topical term or geographic name as entry element Sex.
Topical term or geographic name as entry element Sex customs.
Topical term or geographic name as entry element Sexual health.
Topical term or geographic name as entry element Sex (Psychology)
700 1# - ADDED ENTRY--PERSONAL NAME
Personal name DeLamater, John D.
906 ## - LOCAL DATA ELEMENT F, LDF (RLIN)
a 7
b cbc
c orignew
d 1
e ocip
f 19
g y-gencatlg
942 ## - ADDED ENTRY ELEMENTS (KOHA)
Source of classification or shelving scheme Library of Congress Classification
Koha item type Long Loan Books
Holdings
Withdrawn status Lost status Source of classification or shelving scheme Damaged status Not for loan Collection code Home library Current library Shelving location Date acquired Source of acquisition Total Checkouts Full call number Barcode Date last seen Price effective from Koha item type
    Library of Congress Classification     Non-fiction Rongo University Library Rongo University Library General Stacks 22/06/2026 Books for Africa, Donation   HQ12 .H82 1997 20262177 22/06/2026 22/06/2026 Long Loan Books

© 2026 Rongo University
Contact us: librarian | system librarian | Rongo university